[Event "43. Olimpiada Batumi 2018 Femenina"]
[Site "Batumi GEO"]
[Date "2018.09.30"]
[Round "6.1"]
[White "Coimbra, Margarida"]
[Black "Perez Rodriguez, Jennifer"]
[Result "0-1"]
[WhiteElo "2068"]
[BlackElo "2159"]
[PlyCount "110"]
[EventDate "2018.09.24"]
[EventType "team-swiss"]
[EventRounds "11"]
[EventCountry "GEO"]
[SourceTitle "Ajedrez en Madrid"]
[Source "lmi"]
[SourceDate "2018.09.24"]
[WhiteTeam "Portugal"]
[BlackTeam "Paraguay"]
[WhiteTeamCountry "POR"]
[BlackTeamCountry "PAR"]

1. e4 e5 2. Nf3 Nc6 3. d4 exd4 4. Nxd4 Bc5 5. Be3 Qf6 6. c3 Nge7 7. Bc4 Ne5 8.
Be2 Qg6 9. O-O d6 10. f3 O-O 11. Kh1 f5 12. f4 Ng4 13. Bxg4 Qxg4 14. Qxg4 fxg4
15. Nd2 Bd7 16. Rae1 Rae8 17. Kg1 Bb6 18. Nc2 Nc8 19. g3 Re7 20. b3 Rfe8 21.
Bxb6 Nxb6 22. Re3 Bc6 23. Rfe1 Nd7 24. Nd4 Nb8 25. Nxc6 Nxc6 26. Kf2 g5 27. Nc4
Rf8 28. f5 Rfe8 29. a4 Kg7 30. R3e2 Ne5 31. Nxe5 Rxe5 32. c4 Kf6 33. Re3 a6 34.
R1e2 b5 35. axb5 axb5 36. Ke1 bxc4 37. bxc4 Rb8 38. Kd2 Ra5 39. Kc3 Ke5 40. Kc2
Ra4 41. Rc3 Ra2+ 42. Kd3 Rxe2 43. Kxe2 Kxe4 44. Re3+ Kxf5 45. Re7 Rb2+ 46. Ke3
Rxh2 47. Rxc7 h5 48. Rf7+ Ke6 49. Rg7 Rg2 50. Rxg5 Rxg3+ 51. Kf4 Rh3 52. c5
dxc5 53. Rxc5 g3 54. Kf3 h4 55. Kg4 g2 0-1

[Event "43. Olimpiada Batumi 2018 Femenina"]
[Site "Batumi GEO"]
[Date "2018.09.30"]
[Round "6.2"]
[White "Avalos, Leticia"]
[Black "Jorge, Rita Maria Osorio"]
[Result "0-1"]
[WhiteElo "1704"]
[BlackElo "1870"]
[PlyCount "98"]
[EventDate "2018.09.24"]
[EventType "team-swiss"]
[EventRounds "11"]
[EventCountry "GEO"]
[SourceTitle "Ajedrez en Madrid"]
[Source "lmi"]
[SourceDate "2018.09.24"]
[WhiteTeam "Paraguay"]
[BlackTeam "Portugal"]
[WhiteTeamCountry "PAR"]
[BlackTeamCountry "POR"]

1. d4 Nf6 2. c4 e6 3. Nc3 Bb4 4. Qc2 O-O 5. a3 Bxc3+ 6. Qxc3 d5 7. e3 b6 8. Nf3
Nbd7 9. Bd3 dxc4 10. Qxc4 c5 11. O-O Bb7 12. Be2 Rc8 13. Qa4 a6 14. b4 b5 15.
Qd1 cxb4 16. axb4 Qe7 17. Bd2 Nd5 18. Qb3 N5b6 19. Rfc1 Nc4 20. Bxc4 bxc4 21.
Qd1 Rc7 22. Ra5 Rfc8 23. Bc3 Nf6 24. Rc5 Ne4 25. Ra5 Nxc3 26. Rxc3 Qxb4 27.
Raa3 Bxf3 28. gxf3 Qb2 29. Qa4 Qb1+ 30. Kg2 Qg6+ 31. Kh1 Rc6 32. Ra1 Qf5 33. f4
Qh3 34. Rac1 e5 35. e4 Qg4 36. dxe5 Qxf4 37. f3 Rh6 38. Qc2 Qxe5 39. Rd1 Rxh2+
40. Qxh2 Qxc3 41. Qf4 Qb3 42. Rg1 g6 43. Kg2 Qb2+ 44. Kg3 c3 45. Qh6 c2 46. Rh1
c1=Q 47. Qxh7+ Kf8 48. Rxc1 Rxc1 49. Qh6+ Kg8 0-1

[Event "43. Olimpiada Batumi 2018 Femenina"]
[Site "Batumi GEO"]
[Date "2018.09.30"]
[Round "6.3"]
[White "Silva, Mariana Sofia T"]
[Black "Martinez Ramirez, Anahi"]
[Result "1-0"]
[WhiteElo "1924"]
[BlackElo "1510"]
[PlyCount "77"]
[EventDate "2018.09.24"]
[EventType "team-swiss"]
[EventRounds "11"]
[EventCountry "GEO"]
[SourceTitle "Ajedrez en Madrid"]
[Source "lmi"]
[SourceDate "2018.09.24"]
[WhiteTeam "Portugal"]
[BlackTeam "Paraguay"]
[WhiteTeamCountry "POR"]
[BlackTeamCountry "PAR"]

1. e4 e6 2. d4 d5 3. Bd3 Nf6 4. e5 Nfd7 5. f4 c5 6. c3 Nc6 7. Nf3 Qb6 8. Bc2
cxd4 9. cxd4 Be7 10. O-O f6 11. Kh1 Nf8 12. Nc3 Bd7 13. a3 Rc8 14. f5 h6 15.
fxe6 Bxe6 16. exf6 Bxf6 17. Re1 Nxd4 18. Nxd5 Nxc2 19. Nxb6 axb6 20. Bf4 Nxe1
21. Qa4+ Nd7 22. Rxe1 Kf7 23. b4 Rhe8 24. Qd1 g5 25. Bg3 Kg7 26. Rxe6 Rc1 27.
Qxc1 Rxe6 28. Qc7 Re7 29. Qd6 Rf7 30. h3 h5 31. Nd4 Kg6 32. Qe6 Kg7 33. Nf5+
Kg6 34. Nd6 Re7 35. Qf5+ Kg7 36. Ne4 Rf7 37. Nxg5 Bxg5 38. Qxg5+ Kf8 39. Bd6+
1-0

[Event "43. Olimpiada Batumi 2018 Femenina"]
[Site "Batumi GEO"]
[Date "2018.09.30"]
[Round "6.4"]
[White "Carreras Colman, Luz Gabriela"]
[Black "Silva, Ana Ines Teixeira D"]
[Result "0-1"]
[WhiteElo "1397"]
[BlackElo "1890"]
[PlyCount "92"]
[EventDate "2018.09.24"]
[EventType "team-swiss"]
[EventRounds "11"]
[EventCountry "GEO"]
[SourceTitle "Ajedrez en Madrid"]
[Source "lmi"]
[SourceDate "2018.09.24"]
[WhiteTeam "Paraguay"]
[BlackTeam "Portugal"]
[WhiteTeamCountry "PAR"]
[BlackTeamCountry "POR"]

1. d4 Nf6 2. Bf4 d5 3. e3 c5 4. c3 Nc6 5. Nf3 Qb6 6. Qc2 cxd4 7. exd4 Bf5 8.
Qxf5 Qxb2 9. Be2 e6 10. Qd3 Qxa1 11. Qc2 Ba3 12. O-O Qb2 13. Nxa3 Qxa3 14. Rb1
Qe7 15. Rb2 O-O 16. Qb1 b6 17. Bb5 Qb7 18. Qd3 Ne4 19. Ba4 Na5 20. Bc2 Rac8 21.
Bd2 Nc4 22. Rb3 f5 23. Be1 Qe7 24. Ne5 Nxe5 25. dxe5 Nc5 26. Qb5 Nxb3 27. Bxb3
Rc5 28. Qd3 Qc7 29. f4 Rc8 30. g3 Rc4 31. Bd2 Qc5+ 32. Kg2 Rxc3 33. Bxc3 Qxc3
34. Qa6 Qd2+ 35. Kh3 Qc1 36. Qe2 Qb1 37. Qb5 Rf8 38. Qe2 Qc1 39. Qb5 Qc7 40.
Kg2 Qb7 41. Kf2 Rc8 42. Qf1 b5 43. Qe2 a5 44. a4 b4 45. h3 Rc3 46. Qd1 Qb6+ 0-1

[Event "43. Olimpiada Batumi 2018 Femenina"]
[Site "Batumi GEO"]
[Date "2018.09.30"]
[Round "6.1"]
[White "Samaganova, Alexandra"]
[Black "Mencos Castillo, Maria"]
[Result "1-0"]
[WhiteElo "2024"]
[BlackElo "1888"]
[PlyCount "187"]
[EventDate "2018.09.24"]
[EventType "team-swiss"]
[EventRounds "11"]
[EventCountry "GEO"]
[SourceTitle "Ajedrez en Madrid"]
[Source "lmi"]
[SourceDate "2018.09.24"]
[WhiteTeam "Kyrgyzstan"]
[BlackTeam "Guatemala"]
[WhiteTeamCountry "KGZ"]
[BlackTeamCountry "GUA"]

1. c4 Nf6 2. Nc3 e6 3. e4 c5 4. e5 Ng8 5. Nf3 Nc6 6. d4 cxd4 7. Nxd4 Nxe5 8.
Ndb5 a6 9. Nd6+ Bxd6 10. Qxd6 Ng6 11. Be3 Qe7 12. Qb6 Nf6 13. Bc5 Qd8 14. Qd6
Ne7 15. Bd3 Nc6 16. O-O b6 17. Ba3 Bb7 18. Rfe1 Rc8 19. Na4 Ne7 20. Qxb6 Qxb6
21. Nxb6 Rc6 22. c5 O-O 23. Nc4 Rd8 24. Na5 Rc7 25. Nxb7 Rxb7 26. Bxa6 Ra7 27.
Bc4 Rb8 28. Rad1 h6 29. h3 Ned5 30. Rc1 Ne7 31. Re3 Rba8 32. Rd3 Nc6 33. Rd2
Ne4 34. Re2 Nf6 35. Rd1 Ne7 36. Bb5 Rc8 37. Rc2 Ned5 38. Rdc1 Ra5 39. Bd3 Ne7
40. g3 Rca8 41. Be2 Nc6 42. Rd1 Rc8 43. Rd3 Ra7 44. Rcd2 Ne5 45. Re3 Nc6 46.
Bf3 Ne7 47. Rb3 Ned5 48. Kg2 Rac7 49. Rb5 Ra7 50. Rd4 Nc7 51. Rbb4 Ncd5 52. Ra4
Rca8 53. Rac4 Rc8 54. Bd1 Rac7 55. Ra4 Rb8 56. Ra6 Rbc8 57. Rc4 Ne7 58. b4 Nc6
59. b5 Ne5 60. Rd4 Nd5 61. Be2 Nc3 62. Bf1 Rb7 63. b6 Nd5 64. Bb5 Nc6 65. Bxc6
Rxc6 66. Ra8+ Kh7 67. Ra5 Rc8 68. Bb2 Ne7 69. Rg4 Nf5 70. Rb5 g6 71. a4 Ne7 72.
a5 Ra8 73. Ra4 Nc6 74. a6 Rbb8 75. Bf6 g5 76. h4 Kg6 77. hxg5 hxg5 78. Bc3 f6
79. Rb2 Kf7 80. Rd2 Ke7 81. Rd1 Rh8 82. a7 e5 83. Rd6 Nd8 84. Bb4 Nb7 85. Rd1
Ke6 86. Ra3 Rac8 87. Rc3 Rhd8 88. g4 Rc6 89. Ra1 Rcc8 90. Kf3 Ra8 91. c6 dxc6
92. Rxc6+ Kd5 93. Rc7 Nd6 94. Rd1+ 1-0

[Event "43. Olimpiada Batumi 2018 Femenina"]
[Site "Batumi GEO"]
[Date "2018.09.30"]
[Round "6.2"]
[White "Cruz Lima, Kimberly Esmeralda"]
[Black "Zairbek kyzy, Begimay"]
[Result "1/2-1/2"]
[WhiteElo "1626"]
[BlackElo "1770"]
[PlyCount "136"]
[EventDate "2018.09.24"]
[EventType "team-swiss"]
[EventRounds "11"]
[EventCountry "GEO"]
[SourceTitle "Ajedrez en Madrid"]
[Source "lmi"]
[SourceDate "2018.09.24"]
[WhiteTeam "Guatemala"]
[BlackTeam "Kyrgyzstan"]
[WhiteTeamCountry "GUA"]
[BlackTeamCountry "KGZ"]

1. b3 Nf6 2. Bb2 g6 3. e4 d6 4. Nc3 Bg7 5. d4 Nbd7 6. Nf3 O-O 7. Qd2 a6 8. h3
b5 9. a3 c5 10. Qe3 Bb7 11. Bd3 Qc7 12. O-O Rfe8 13. Rfe1 Nb6 14. Rad1 cxd4 15.
Nxd4 e5 16. Nf3 d5 17. Qd2 d4 18. Nb1 Nh5 19. c3 Rad8 20. Qc1 Qb8 21. Bf1 Rc8
22. Qd2 Red8 23. cxd4 exd4 24. Bxd4 Bxd4 25. Nxd4 Nd7 26. Qe3 Nc5 27. Nd2 Qe5
28. N4f3 Qb2 29. b4 Na4 30. Rb1 Qg7 31. Rbc1 Nf6 32. Rxc8 Bxc8 33. Nb3 Bb7 34.
Qf4 Re8 35. Nfd2 g5 36. Qf5 Bc8 37. Qf3 g4 38. hxg4 Bxg4 39. Qd3 Be6 40. Nd4
Bc8 41. Re3 Kh8 42. Nf5 Bxf5 43. exf5 Rxe3 44. Qxe3 Ng4 45. Qe8+ Qg8 46. Qc6
Qg5 47. Nf3 Qxf5 48. Qxa6 Nc3 49. Qd6 Qc8 50. Ne5 Nxe5 51. Qxe5+ Kg8 52. Qg5+
Kh8 53. Bd3 Qc6 54. Qh5 Kg8 55. Qxh7+ Kf8 56. Qf5 Ke7 57. Qe5+ Kf8 58. Qd4 Ke7
59. g3 Kf8 60. Qd8+ Kg7 61. Bf5 Qf3 62. Qd4+ Kf8 63. Qd3 Ne2+ 64. Kh2 Qxf2+ 65.
Kh3 Nd4 66. Bd7 Qf6 67. Bxb5 Qe6+ 68. Kh2 Qh6+ 1/2-1/2

[Event "43. Olimpiada Batumi 2018 Femenina"]
[Site "Batumi GEO"]
[Date "2018.09.30"]
[Round "6.3"]
[White "Momunalieva, Shaadat"]
[Black "Mencos, Claudia"]
[Result "0-1"]
[WhiteElo "1594"]
[BlackElo "1996"]
[PlyCount "90"]
[EventDate "2018.09.24"]
[EventType "team-swiss"]
[EventRounds "11"]
[EventCountry "GEO"]
[SourceTitle "Ajedrez en Madrid"]
[Source "lmi"]
[SourceDate "2018.09.24"]
[WhiteTeam "Kyrgyzstan"]
[BlackTeam "Guatemala"]
[WhiteTeamCountry "KGZ"]
[BlackTeamCountry "GUA"]

1. d4 d5 2. c4 c6 3. Nc3 Nf6 4. Nf3 dxc4 5. e3 Bf5 6. Bxc4 e6 7. O-O Nbd7 8.
Qe2 Be7 9. e4 Bg6 10. Bg5 O-O 11. Bf4 Rc8 12. Rfd1 Re8 13. Rac1 Qa5 14. a3 Bf8
15. h3 Qd8 16. Ba2 a5 17. Bb1 Qb6 18. Be3 Qd8 19. a4 Bb4 20. Nd2 Nb6 21. b3
Nfd7 22. Qg4 Qe7 23. Bd3 e5 24. Nf3 Nf6 25. Qg3 exd4 26. Bxd4 Nbd7 27. Nh4 Nc5
28. Nxg6 hxg6 29. Bxc5 Bxc5 30. Kh1 Bb4 31. f3 Nh5 32. Qg4 Rcd8 33. Ne2 Qc7 34.
Bc4 Ba3 35. Rb1 Nf6 36. Qxg6 b5 37. axb5 cxb5 38. Qg5 bxc4 39. bxc4 Rxd1+ 40.
Rxd1 Qxc4 41. Nf4 Qc5 42. Nd5 Nxd5 43. Rxd5 Qf2 44. Rd2 Qf1+ 45. Kh2 Bc1 0-1

[Event "43. Olimpiada Batumi 2018 Femenina"]
[Site "Batumi GEO"]
[Date "2018.09.30"]
[Round "6.4"]
[White "Mazariegos, Silvia Carolina"]
[Black "Usupbekova, Zarina"]
[Result "1-0"]
[WhiteElo "1922"]
[BlackElo "1572"]
[PlyCount "120"]
[EventDate "2018.09.24"]
[EventType "team-swiss"]
[EventRounds "11"]
[EventCountry "GEO"]
[SourceTitle "Ajedrez en Madrid"]
[Source "lmi"]
[SourceDate "2018.09.24"]
[WhiteTeam "Guatemala"]
[BlackTeam "Kyrgyzstan"]
[WhiteTeamCountry "GUA"]
[BlackTeamCountry "KGZ"]

1. d4 Nf6 2. e3 d6 3. f4 g6 4. Bd3 Bg7 5. Nf3 a6 6. a4 O-O 7. O-O Nc6 8. c3 e5
9. Qc2 Qe7 10. e4 exd4 11. Nxd4 Bd7 12. Nd2 Ng4 13. N2f3 Rae8 14. Bd2 Qd8 15.
Rae1 Kh8 16. b3 Ne7 17. h3 c5 18. Ne2 Nf6 19. c4 Nc6 20. g4 Bc8 21. Ng3 Nd7 22.
Bc3 Nd4 23. Qb2 Qb6 24. Kg2 Qxb3 25. Nxd4 Qxb2+ 26. Bxb2 cxd4 27. a5 Nc5 28.
Rd1 Nb3 29. Ba3 Rd8 30. Bb4 Nc5 31. Ne2 Rfe8 32. Kf3 Be6 33. Bxc5 dxc5 34. Rb1
Re7 35. Rb6 Bc8 36. h4 h5 37. gxh5 gxh5 38. Ng3 Bg4+ 39. Kf2 Rde8 40. Rfb1 Kg8
41. e5 Re6 42. Rxb7 Bh6 43. Ne4 Bxf4 44. Nf6+ Rxf6 45. exf6 Be3+ 46. Kg2 Bf4
47. R1b6 Bc8 48. Re7 Rd8 49. Rb2 Be6 50. Ra7 Bc8 51. Kf3 Be5 52. Rg2+ Bg4+ 53.
Rxg4+ hxg4+ 54. Kxg4 Bxf6 55. Rxa6 Kg7 56. Rc6 Be7 57. a6 Ra8 58. h5 Ra7 59.
h6+ Kg8 60. Rc8+ Bf8 1-0

[Event "43. Olimpiada Batumi 2018 Femenina"]
[Site "Batumi GEO"]
[Date "2018.09.30"]
[Round "6.2"]
[White "Cruz, Bitia"]
[Black "Stojkovska, Monika"]
[Result "0-1"]
[WhiteElo "1702"]
[BlackElo "2106"]
[PlyCount "75"]
[EventDate "2018.09.24"]
[EventType "team-swiss"]
[EventRounds "11"]
[EventCountry "GEO"]
[SourceTitle "Ajedrez en Madrid"]
[Source "lmi"]
[SourceDate "2018.09.24"]
[WhiteTeam "Honduras"]
[BlackTeam "FYR Macedonia"]
[WhiteTeamCountry "HON"]

1. e4 c5 2. Nf3 d6 3. c3 Nf6 4. Be2 g6 5. O-O Bg7 6. d3 O-O 7. Bg5 Nc6 8. Nbd2
e5 9. Qc2 Be6 10. Rad1 h6 11. Be3 Ng4 12. d4 cxd4 13. cxd4 exd4 14. Bxh6 Nxh6
15. Nb3 Qb6 16. Nc1 Ng4 17. h3 Nge5 18. Ng5 Nb4 19. Qa4 Nbc6 20. Nxe6 fxe6 21.
Nd3 Nxd3 22. Bxd3 Ne5 23. Qc2 Rac8 24. Qe2 d5 25. f4 Nc4 26. Bxc4 dxc4 27. Kh1
c3 28. bxc3 dxc3 29. Rb1 Qc6 30. Qc2 Rcd8 31. Rf2 Rd4 32. f5 Qxe4 33. fxe6 Rxf2
34. Qxf2 Qxb1+ 35. Kh2 Be5+ 36. g3 Rd2 37. Qxd2 cxd2 38. e7 0-1

[Event "43. Olimpiada Batumi 2018 Femenina"]
[Site "Batumi GEO"]
[Date "2018.09.30"]
[Round "6.3"]
[White "Koskoska, Gabriela"]
[Black "Ortiz, Katherine Berenice"]
[Result "1/2-1/2"]
[WhiteElo "2026"]
[BlackElo "1822"]
[PlyCount "80"]
[EventDate "2018.09.24"]
[EventType "team-swiss"]
[EventRounds "11"]
[EventCountry "GEO"]
[SourceTitle "Ajedrez en Madrid"]
[Source "lmi"]
[SourceDate "2018.09.24"]
[WhiteTeam "FYR Macedonia"]
[BlackTeam "Honduras"]
[BlackTeamCountry "HON"]

1. e4 d5 2. exd5 Qxd5 3. Nc3 Qa5 4. Nf3 Nf6 5. h3 e5 6. Bc4 Be7 7. Qe2 Nbd7 8.
O-O O-O 9. Bb3 c6 10. Re1 Bd6 11. d3 h6 12. Bd2 Qc7 13. a4 a5 14. Ba2 Re8 15.
Nh4 Nc5 16. Qf3 Qd8 17. Nf5 Be6 18. Bxe6 Nxe6 19. Qg3 Nh5 20. Nxh6+ Kf8 21. Qf3
Nhf4 22. Nf5 Bc7 23. Ne4 g6 24. Nfg3 Kg7 25. Bc3 f5 26. Nd2 Nd4 27. Bxd4 Qxd4
28. Ne2 Nxe2+ 29. Qxe2 Rad8 30. Nc4 e4 31. Qf1 exd3 32. Rxe8 Rxe8 33. Qxd3 Qxd3
34. cxd3 Re2 35. Kf1 Rc2 36. Re1 Kf6 37. Re2 Rc1+ 38. Re1 Rc2 39. Re2 Rc1+ 40.
Re1 Rc2 1/2-1/2

[Event "43. Olimpiada Batumi 2018 Femenina"]
[Site "Batumi GEO"]
[Date "2018.09.30"]
[Round "6.4"]
[White "Garcia, Marcella"]
[Black "Petrovska, Katerina"]
[Result "1/2-1/2"]
[WhiteElo "1755"]
[BlackElo "1966"]
[PlyCount "61"]
[EventDate "2018.09.24"]
[EventType "team-swiss"]
[EventRounds "11"]
[EventCountry "GEO"]
[SourceTitle "Ajedrez en Madrid"]
[Source "lmi"]
[SourceDate "2018.09.24"]
[WhiteTeam "Honduras"]
[BlackTeam "FYR Macedonia"]
[WhiteTeamCountry "HON"]

1. e4 e6 2. d4 d5 3. Nd2 c5 4. exd5 exd5 5. Ngf3 Nc6 6. dxc5 Bxc5 7. Bd3 Nge7
8. Nb3 Bd6 9. h3 h6 10. c3 Bf5 11. O-O O-O 12. Nbd4 Be4 13. Qc2 Bxd3 14. Qxd3
a6 15. Be3 Nxd4 16. Nxd4 Bc5 17. Nf5 Bxe3 18. Nxe3 Qb6 19. Qc2 Rfd8 20. Rfd1
Rac8 21. Rd4 Rc6 22. Rad1 Rcd6 23. c4 Qc5 24. cxd5 Qxc2 25. Nxc2 Rxd5 26. Rxd5
Rxd5 27. Rxd5 Nxd5 28. g3 Kf8 29. Kg2 Ke7 30. Kf3 Kd6 31. Ke4 1/2-1/2

[Event "43. Olimpiada Batumi 2018 Femenina"]
[Site "Batumi GEO"]
[Date "2018.09.30"]
[Round "6.1"]
[White "Castillo Pena, Patricia Evarista"]
[Black "Rania, Sbai"]
[Result "0-1"]
[WhiteElo "1810"]
[BlackElo "1893"]
[PlyCount "73"]
[EventDate "2018.09.24"]
[EventType "team-swiss"]
[EventRounds "11"]
[EventCountry "GEO"]
[SourceTitle "Ajedrez en Madrid"]
[Source "lmi"]
[SourceDate "2018.09.24"]
[WhiteTeam "Dominican Republic"]
[BlackTeam "Morocco"]
[WhiteTeamCountry "DOM"]
[BlackTeamCountry "MAR"]

1. e4 e5 2. Nf3 Nc6 3. d4 exd4 4. Nxd4 Bc5 5. Nb3 Bb6 6. Nc3 Qf6 7. Qe2 Nge7 8.
Be3 Bxe3 9. Qxe3 a6 10. O-O-O O-O 11. f4 d6 12. Be2 b5 13. g4 b4 14. Nd5 Nxd5
15. exd5 Ne7 16. Bf3 Ng6 17. Rd4 a5 18. g5 Qd8 19. h4 Ne7 20. Rd2 Nf5 21. Qg1
Re8 22. h5 Re3 23. Bd1 Qe7 24. g6 fxg6 25. hxg6 h6 26. Nd4 Qe4 27. Nxf5 Bxf5
28. Bg4 Re8 29. Bxf5 Qxf5 30. Qf2 Qxg6 31. f5 Qf6 32. Rg1 R8e5 33. Qf1 Qxf5 34.
Qb5 Re1+ 35. Rd1 Qf4+ 36. Kb1 Qd2 37. Rc1 0-1

[Event "43. Olimpiada Batumi 2018 Femenina"]
[Site "Batumi GEO"]
[Date "2018.09.30"]
[Round "6.2"]
[White "Mayar ElIdrissi, Firdaous"]
[Black "Diaz Cesar, Wilsaida Pieranlly"]
[Result "0-1"]
[WhiteElo "1797"]
[BlackElo "1815"]
[PlyCount "80"]
[EventDate "2018.09.24"]
[EventType "team-swiss"]
[EventRounds "11"]
[EventCountry "GEO"]
[SourceTitle "Ajedrez en Madrid"]
[Source "lmi"]
[SourceDate "2018.09.24"]
[WhiteTeam "Morocco"]
[BlackTeam "Dominican Republic"]
[WhiteTeamCountry "MAR"]
[BlackTeamCountry "DOM"]

1. e4 c5 2. d3 e6 3. f4 Nc6 4. Nf3 a6 5. g3 b5 6. Bg2 Bb7 7. O-O Nf6 8. Qe2 Be7
9. c3 O-O 10. Nbd2 Qc7 11. h3 Rfe8 12. e5 Nd5 13. Ne4 f5 14. Nf2 Rf8 15. Bd2
Rac8 16. Rae1 Na5 17. h4 Nc6 18. Nh3 Qd8 19. Nfg5 Qe8 20. Bxd5 exd5 21. Nf2 h6
22. Ngh3 d4 23. Kh2 Qf7 24. b3 dxc3 25. Bxc3 Qd5 26. Nd1 Nd4 27. Bxd4 cxd4 28.
Nb2 Bb4 29. Rc1 Kh7 30. Rg1 Rxc1 31. Rxc1 Rc8 32. Rg1 Ba3 33. Nf2 Rc1 34. Nfd1
Qc6 35. Rg2 Qc5 36. Rf2 Bxb2 37. g4 Ba3 38. gxf5 Qc6 39. Kh3 Qh1+ 40. Rh2 Qxd1
0-1

[Event "43. Olimpiada Batumi 2018 Femenina"]
[Site "Batumi GEO"]
[Date "2018.09.30"]
[Round "6.3"]
[White "Rosario Almanzar, Raydily"]
[Black "Makhlouf, Ahlam"]
[Result "1-0"]
[WhiteElo "1755"]
[BlackElo "1408"]
[PlyCount "65"]
[EventDate "2018.09.24"]
[EventType "team-swiss"]
[EventRounds "11"]
[EventCountry "GEO"]
[SourceTitle "Ajedrez en Madrid"]
[Source "lmi"]
[SourceDate "2018.09.24"]
[WhiteTeam "Dominican Republic"]
[BlackTeam "Morocco"]
[WhiteTeamCountry "DOM"]
[BlackTeamCountry "MAR"]

1. e4 e5 2. Nf3 Nc6 3. d4 exd4 4. Nxd4 Bc5 5. Be3 Qf6 6. c3 Nge7 7. Bb5 O-O 8.
O-O a6 9. Ba4 Nxd4 10. cxd4 Bb6 11. Nc3 d6 12. Qd2 Qg6 13. f4 f5 14. e5 Be6 15.
Rf3 Rad8 16. Qf2 h5 17. Qh4 Kf7 18. Rh3 Rh8 19. Bd1 dxe5 20. fxe5 Nd5 21. Nxd5
Bxd5 22. Bxh5 Rxh5 23. Qxh5 Be4 24. Qxg6+ Kxg6 25. Rc1 Bxd4 26. Rg3+ Kh7 27.
Bxd4 Rxd4 28. Rxc7 Rd1+ 29. Kf2 Rd2+ 30. Ke3 Rxg2 31. Rcxg7+ Kh6 32. Rxg2 Bxg2
33. Rxg2 1-0

[Event "43. Olimpiada Batumi 2018 Femenina"]
[Site "Batumi GEO"]
[Date "2018.09.30"]
[Round "6.4"]
[White "Ibrahimi, Khadija"]
[Black "Villar Acevedo, Darlin Rocio"]
[Result "1-0"]
[WhiteElo "1531"]
[BlackElo "1765"]
[PlyCount "57"]
[EventDate "2018.09.24"]
[EventType "team-swiss"]
[EventRounds "11"]
[EventCountry "GEO"]
[SourceTitle "Ajedrez en Madrid"]
[Source "lmi"]
[SourceDate "2018.09.24"]
[WhiteTeam "Morocco"]
[BlackTeam "Dominican Republic"]
[WhiteTeamCountry "MAR"]
[BlackTeamCountry "DOM"]

1. e4 c6 2. d4 d5 3. Nc3 dxe4 4. Nxe4 Bf5 5. Ng3 Bg6 6. Nf3 e6 7. Bd3 Bxd3 8.
Qxd3 Nd7 9. O-O Ngf6 10. b3 Be7 11. Bb2 O-O 12. c4 Rb8 13. Qe2 b5 14. Rad1 Qb6
15. d5 cxd5 16. cxd5 Nxd5 17. Rxd5 exd5 18. Qxe7 Qe6 19. Qg5 f6 20. Qd2 Ne5 21.
Nd4 Qd7 22. f4 Nc6 23. Ngf5 Nxd4 24. Nxd4 b4 25. f5 a5 26. Ne6 Rfc8 27. Rf4 Qc6
28. Rg4 Rb7 29. Qh6 1-0

[Event "43. Olimpiada Batumi 2018 Femenina"]
[Site "Batumi GEO"]
[Date "2018.09.30"]
[Round "6.1"]
[White "Mendez Tovar, Yessica Yissel"]
[Black "Maksimovic, Masa"]
[Result "1-0"]
[WhiteElo "2126"]
[BlackElo "2130"]
[PlyCount "71"]
[EventDate "2018.09.24"]
[EventType "team-swiss"]
[EventRounds "11"]
[EventCountry "GEO"]
[SourceTitle "Ajedrez en Madrid"]
[Source "lmi"]
[SourceDate "2018.09.24"]
[WhiteTeam "Mexico"]
[BlackTeam "Bosnia & Herzegovina"]
[WhiteTeamCountry "MEX"]
[BlackTeamCountry "BIH"]

1. d4 g6 2. Nf3 Bg7 3. c4 d6 4. Nc3 e5 5. e4 Nc6 6. d5 Nd4 7. Be3 Bg4 8. Be2
Bxf3 9. Bxf3 c5 10. Qa4+ Kf8 11. Bd1 f5 12. f4 exf4 13. Bxf4 g5 14. Be3 f4 15.
O-O Bf6 16. Bd2 Kg7 17. b4 cxb4 18. Qxb4 b6 19. a4 a5 20. Qb2 Qc7 21. Rc1 Be5
22. Kh1 h6 23. Nb5 Nxb5 24. cxb5 Qe7 25. Bc3 Bxc3 26. Qxc3+ Nf6 27. Bg4 Ra7 28.
Be6 Rd8 29. Qd4 Rb7 30. Rc6 Rdb8 31. Rfc1 h5 32. e5 dxe5 33. Qxe5 Kh6 34. h3
Rd8 35. d6 Qg7 36. Rc7 1-0

[Event "43. Olimpiada Batumi 2018 Femenina"]
[Site "Batumi GEO"]
[Date "2018.09.30"]
[Round "6.2"]
[White "Jacimovic, Sara"]
[Black "Fuentes Godoy, Lilia Ivonne"]
[Result "0-1"]
[WhiteElo "1960"]
[BlackElo "2079"]
[PlyCount "68"]
[EventDate "2018.09.24"]
[EventType "team-swiss"]
[EventRounds "11"]
[EventCountry "GEO"]
[SourceTitle "Ajedrez en Madrid"]
[Source "lmi"]
[SourceDate "2018.09.24"]
[WhiteTeam "Bosnia & Herzegovina"]
[BlackTeam "Mexico"]
[WhiteTeamCountry "BIH"]
[BlackTeamCountry "MEX"]

1. e4 c6 2. d4 d5 3. e5 Bf5 4. Nf3 e6 5. Be2 Ne7 6. O-O Ng6 7. c3 Nd7 8. Nbd2
Nf4 9. Nb3 Nxe2+ 10. Qxe2 Be7 11. Be3 O-O 12. Ne1 f6 13. f4 fxe5 14. fxe5 a5
15. Nd3 a4 16. Nbc1 Nb6 17. g4 Be4 18. Nf4 Qd7 19. Ncd3 Nc4 20. Bc1 g5 21. Nh5
Rxf1+ 22. Qxf1 Rf8 23. Nf6+ Bxf6 24. exf6 Bxd3 25. Qxd3 Rxf6 26. Bxg5 Rg6 27.
Bf4 e5 28. dxe5 Qxg4+ 29. Bg3 h5 30. Kh1 h4 31. Rg1 Nxe5 32. Qd4 Qf3+ 33. Rg2
hxg3 34. Qxe5 Qf1+ 0-1

[Event "43. Olimpiada Batumi 2018 Femenina"]
[Site "Batumi GEO"]
[Date "2018.09.30"]
[Round "6.3"]
[White "Real Pereyra, Diana Carime"]
[Black "Tomic, Jelena"]
[Result "1/2-1/2"]
[WhiteElo "2110"]
[BlackElo "1921"]
[PlyCount "107"]
[EventDate "2018.09.24"]
[EventType "team-swiss"]
[EventRounds "11"]
[EventCountry "GEO"]
[SourceTitle "Ajedrez en Madrid"]
[Source "lmi"]
[SourceDate "2018.09.24"]
[WhiteTeam "Mexico"]
[BlackTeam "Bosnia & Herzegovina"]
[WhiteTeamCountry "MEX"]
[BlackTeamCountry "BIH"]

1. e4 d5 2. exd5 Qxd5 3. Nc3 Qa5 4. d4 Nf6 5. Nf3 Bf5 6. Ne5 c6 7. Bd3 Bxd3 8.
Qxd3 e6 9. O-O Nbd7 10. Nxd7 Nxd7 11. Ne4 Qc7 12. Qf3 Be7 13. Bf4 Qb6 14. Bd6
Nf6 15. Bxe7 Kxe7 16. Qa3+ Kd7 17. Qd6+ Ke8 18. Nxf6+ gxf6 19. Qf4 Ke7 20. Rfe1
Rad8 21. c3 Rd5 22. b4 Rg8 23. Re3 a5 24. a3 Qa6 25. Rae1 Rgg5 26. Qh4 axb4 27.
axb4 Rdf5 28. Qxh7 Kf8 29. Qh8+ Rg8 30. Qh6+ Ke8 31. h4 Qa2 32. R3e2 Qd5 33.
Re4 Qa2 34. Qe3 Qd5 35. Qh3 Kd7 36. f3 Qb3 37. R4e3 Qa2 38. Qh2 Rh5 39. R1e2
Qb1+ 40. Kf2 f5 41. f4 Rg4 42. g3 Rg8 43. Qh3 Rg4 44. Qf1 Qb3 45. Qa1 Rh8 46.
Qa7 Kc7 47. Qc5 Kd7 48. c4 Qd1 49. Qb6 Rhxh4 50. Qxb7+ Kd8 51. Qb6+ Kd7 52.
Qa7+ Kd8 53. Qb6+ Kd7 54. Qb7+ 1/2-1/2